000 002640000a22000970004500
100 1 _aThomas, Catherine
245 1 0 _aA life less ordinary : The transforming adventures of two sixt-year-olds
300 _a(2004), Páginas 24-26
773 0 _tTeartimes
942 _cANA
999 _c56066
_d56066